Logos#1 - Statistiken

Allgemein
  • Dieses Quiz wurde 678 mal gespielt
  • Das Durchschnittsergebnis liegt bei 14 aus 16
Antwortstatistiken
Bildquiz Antwort % Korrekt
Amazon
100%
facebook
99%
Google
99%
Netflix
99%
Adidas
98%
Apple
98%
Wikipedia
98%
PayPal
97%
Spotify
95%
Snapchat
94%
PlayStation
93%
Pringles
92%
JetPunk
71%
Motorola
56%
Instagram
52%
McDonald's
19%
Keine übereinstimmenden Quizze gefunden
Verteilung der Resultate
Anzahl Personen mit jedem Resultat
Perzentil nach korrekt beantworteten Fragen
Ihre Resultats-Entwicklung
Sie haben dieses Quiz noch nicht gespielt